书目信息 |
| 题名: |
四川生态建设报告2016
|
|
| 作者: | 李晟之 主编 | |
| 分册: | ||
| 出版信息: | 上海 上海科学技术文献出版社 2016.04 |
|
| 页数: | 285页 | |
| 开本: | 26cm | |
| 丛书名: | ||
| 单 册: | ||
| 中图分类: | X321.271 | |
| 科图分类: | ||
| 主题词: | 环境规划 , 环境管理 , 环境堡规划 | |
| 电子资源: | ||
| ISBN: | 978-7-5097-8888-2 | |
| 000 | 00697nam0 2200229 450 | |
| 001 | 1136 | |
| 005 | 20161008084352.51 | |
| 010 | @a978-7-5097-8888-2@b平装@dCNY75.00 | |
| 100 | @a20160830d2016 km y0chiy0120 ea | |
| 101 | 0 | @achi |
| 102 | @aCN@b310000 | |
| 200 | 1 | @a四川生态建设报告2016@Asi chuan sheng tai jian she bao gao 2016@f李晟之主编@Fli sheng zhi zhu bian |
| 210 | @a上海@c上海科学技术文献出版社@d2016.04 | |
| 215 | @a285页@d26cm | |
| 330 | @a生态环境建设-研究报告-四川省 | |
| 606 | 0 | @a环境规划 |
| 606 | 0 | @a环境管理 |
| 606 | 0 | @a环境堡规划 |
| 690 | @aX321.271@v4 | |
| 701 | 0 | @a李晟之@Ali sheng zhi@4主编 |
| 801 | 0 | @aCN@b唐山师范学院图书馆@c20160830 |
| 905 | @aZUCC@dX321.271@e202 | |
| 四川生态建设报告2016/李晟之主编.-上海:上海科学技术文献出版社,2016.04 |
| 285页;26cm |
| ISBN 978-7-5097-8888-2(平装):CNY75.00 |
| 生态环境建设-研究报告-四川省 |
| ● |
| 相关链接 |
|
|
|
|
正题名:四川生态建设报告2016
索取号:X321.271/202
 
预约/预借
| 序号 | 登录号 | 条形码 | 馆藏地/架位号 | 状态 | 备注 |
| 1 | 907053 | 209070538 | 第二样本阅览室/ [索取号:X321.271/202] | 在馆 | |
| 2 | 907054 | 209070547 | 第三借阅区/ [索取号:X321.271/202] | 在馆 | |
| 3 | 907055 | 209070556 | 第三借阅区/ [索取号:X321.271/202] | 在馆 | |
| 4 | 907056 | 209070565 | 第三借阅区/ [索取号:X321.271/202] | 在馆 | |
| 5 | 907057 | 209070574 | 第三借阅区/ [索取号:X321.271/202] | 在馆 |